MARC details
| 000 -CABECERA |
| campo de control de longitud fija |
01754nam a2200277 i 4500 |
| 003 - IDENTIFICADOR DEL NÚMERO DE CONTROL |
| campo de control |
DO-SdBNP |
| 005 - FECHA Y HORA DE LA ÚLTIMA TRANSACCIÓN |
| campo de control |
20251120073733.0 |
| 007 - CAMPO FIJO DE DESCRIPCIÓN FÍSICA--INFORMACIÓN GENERAL |
| campo de control de longitud fija |
ta |
| 008 - DATOS DE LONGITUD FIJA--INFORMACIÓN GENERAL |
| campo de control de longitud fija |
201015b2002 dr ||||| |||| 00| 0 spa d |
| 040 ## - FUENTE DE LA CATALOGACIÓN |
| Centro catalogador/agencia de origen |
DO-SdBNP |
| Lengua de catalogación |
spa |
| Centro/agencia transcriptor |
BNPHU |
| Normas de descripción |
rda |
| 082 #4 - NÚMERO DE LA CLASIFICACIÓN DECIMAL DEWEY |
| Número de edición |
22 |
| 110 2# - ENTRADA PRINCIPAL--NOMBRE DE ENTIDAD CORPORATIVA |
| Nombre de entidad corporativa o nombre de jurisdicción como elemento de entrada |
Pontificia Universidad Católica Madre y Maestra |
| 9 (RLIN) |
843 |
| 245 10 - MENCIÓN DE TÍTULO |
| Título |
Informe de la comisión especial para la reforma constitucional : |
| Resto del título |
creada por el Presidente de la República, mediante decreto no. 410-01, del 21 de mayo de 2001. Recomendaciones para la reforma constitucional / |
| Mención de responsabilidad, etc. |
cuidado de edición, Carmen Pérez |
| 264 ## - PRODUCCIÓN, PUBLICACIÓN, DISTRIBUCIÓN, FABRICACIÓN Y COPYRIGHT |
| Producción, publicación, distribución, fabricación y copyright |
Santo Domingo : |
| Nombre del de productor, editor, distribuidor, fabricante |
PUCMM, |
| Fecha de producción, publicación, distribución, fabricación o copyright |
2002. |
| 300 ## - DESCRIPCIÓN FÍSICA |
| Extensión |
99 páginas ; |
| Dimensiones |
21 cm. |
| 336 ## - TIPO DE CONTENIDO |
| Fuente |
rdacontent |
| Término de tipo de contenido |
texto |
| Código de tipo de contenido |
txt |
| 337 ## - TIPO DE MEDIO |
| Fuente |
rdamedia |
| Nombre/término del tipo de medio |
sin mediación |
| Código del tipo de medio |
n |
| 338 ## - TIPO DE SOPORTE |
| Fuente |
rdacarrier |
| Nombre/término del tipo de soporte |
volumen |
| Código del tipo de soporte |
nc |
| 490 0# - MENCIÓN DE SERIE |
| Mención de serie |
Documentos |
| 505 0# - NOTA DE CONTENIDO CON FORMATO |
| Nota de contenido con formato |
Título 1-- |
| Título |
De la nación Dominicana -- |
| Información miscelánea |
Título 2-- |
| Título |
De los derechos y deberes fundamentales -- |
| Información miscelánea |
Título 3-- |
| Título |
De la función ciudadana -- |
| Información miscelánea |
Título 4-- |
| Título |
Del poder legislativo) (De la función legislativa) -- |
| Información miscelánea |
Título 5-- |
| Título |
(Del poder ejecutivo) (De la función ejecutiva) -- |
| Información miscelánea |
Título 6-- |
| Título |
(Del poder judicial) (De la función judicial) -- |
| Información miscelánea |
Título --7 |
| Título |
De las funciones regionales y locales -- |
| Información miscelánea |
Título 8-- |
| Título |
De la función electoral -- |
| Información miscelánea |
Título 9-- |
| Título |
De la función de contraloría -- |
| Información miscelánea |
Título 10-- |
| Título |
Del régimen económico y financiero -- |
| Información miscelánea |
Título 11-- |
| Título |
De la defensa nacional y la seguridad pública -- |
| Información miscelánea |
Título 12-- |
| Título |
Disposiciones generales -- |
| Información miscelánea |
Título 13-- |
| Título |
De las reformas constitucionales. |
| 590 ## - NOTA LOCAL (RLIN) |
| Nota local |
Inventariado, 2023/BT |
| 700 1# - PUNTO DE ACCESO ADICIONAL--NOMBRE DE PERSONA |
| Nombre de persona |
Pérez, Carmen, |
| Término indicativo de función/relación |
cuidado de edición |
| 9 (RLIN) |
74186 |
| 710 2# - PUNTO DE ACCESO ADICIONAL--NOMBRE DE ENTIDAD CORPORATIVA |
| Nombre de entidad corporativa o nombre de jurisdicción como elemento de entrada |
Pontificia Universidad Católica Madre y Maestra |
| 9 (RLIN) |
843 |
| 910 ## - DATOS DE OPCIÓN DEL USUARIO (OCLC) |
| Datos de opción del usuario |
Btavárez |
| 942 ## - ELEMENTOS DE PUNTO DE ACCESO ADICIONAL (KOHA) |
| Fuente del sistema de clasificación o colocación |
Dewey Decimal Classification |
| Tipo de ítem Koha |
Libro |